00323pab a2200121 454500008004000000100002600040245006000066260000900126300001200135362001000147650002400157773002000181180718b2017 xxu||||| |||| 00| 0 eng d aBasantia, Tapan Kumar aQuality, conformity, equity and excellence in education c2017 ap.7-12. a5 Jun aEducational quality aUniversity News